LEADER 00861nam a2200217 i 4500 001 000000117823 003 CaOOAMICUS 005 20021001000000.0 008 021001s1987 it u000 u ita u 013 $a90514 040 $aSeMil$bita 100 1 $aToscani, Giuseppe.$0(OLS)http://semarc/name/9921 245 10$aAmore contemplazione teologia :$bGesù Cristo visto da S. Vincenzo /$cGiuseppe Toscani. 300 $a212 p. ;$c21 cm. 500 $aFondo Card. C.M. Martini. 650 4$aDe Paoli, Vincenzo - Cristologia.$0(OLS)http://semarc/subject/21868 850 $aSeMil 852 $aSeMil$W1$xVenegono$y1$m2D III 84$j73176$B73176$CSeMilBibl$Z2$F99919 $81 941 1 $a4 961 $aOmaggio: Martini Card. Carlo Maria 996 $6245$aAmore contemplazione teologia :$bGesù Cristo visto da S. Vincenzo$9(OLS)http://semarc/title/173029 LEADER 01065nam a2200241 i 4500 001 000000049880 003 CaOOAMICUS 005 20120626000000.0 008 120626s1970 it u000 u ita u 013 $a21051 040 $aSeMil$bita 240 13$aLe pécheur et la pénitence au Moyen-Age.$0(OLS)http://semarc/title/76027 245 13$aIl peccatore e la penitenza nel Medioevo /$cTesti scelti e presentati da Cyrille Vogel. 260 $aTorino-Leumann :$bElle Di Ci,$cstampa 1970. 300 $a193 p. ;$c21 cm. 500 $aContiene : Appendice ; Nota bibliografica. 650 4$aPenitenza - Storia.$0(OLS)http://semarc/subject/5592 650 4$aPeccato.$0(OLS)http://semarc/subject/4432 700 1 $aVogel, Cyrille <1919-1982>.$0(OLS)http://semarc/name/6953 850 $aSeMil 852 $aSeMil$W1$xVenegono$y1$m2E III 137$j16035$B16035$CSeMilBibl$Z2$F16035 $81 996 $6245$aIl peccatore e la penitenza nel Medioevo$9(OLS)http://semarc/title/45909 996 $6260$aTorino-Leumann :$bElle Di Ci$9(OLS)http://semarc/publisher/30113